000 00316nam a2200133Ia 4500
008 230511s2012 xx 000 0 und d
041 _aeng
082 _a343.057
100 _aDivekar G M
245 _aThe Bombay Stamp Act 1958
260 _aPune
_bHind Law House
_c2012
300 _a582
906 _aStamp Act
999 _c350448
_d350448